[Event "Rubinstein Memorial op-C 57th"]
[Site "Polanica Zdroj"]
[Date "2021.08.18"]
[Round "5"]
[White "Aleksandrowicz, Marek"]
[Black "Tchorzewski, Kazimierz"]
[Result "1/2-1/2"]
[WhiteElo "1868"]
[BlackElo "1664"]
[PlyCount "88"]
[EventDate "2021.08.14"]
[EventType "swiss"]
[EventRounds "9"]
[EventCountry "POL"]
[SourceTitle "EXT 2023"]
[Source "ChessBase"]
[SourceDate "2022.10.05"]
[SourceVersion "1"]
[SourceVersionDate "2022.10.05"]
[SourceQuality "1"]

1. e4 c5 2. c3 d5 3. exd5 Qxd5 4. d4 cxd4 5. cxd4 Nc6 6. Nf3 Nf6 7. Nc3 Qa5 8. d5 Nb8 9. Bc4 a6 10. 0-0 b5 11. Bb3 Nbd7 12. Be3 Bb7 13. a3 g6 14. Re1 Bg7 15. Bd4 Qd8 16. Qe2 0-0 17. Qxe7 Re8 18. Qxd8 Raxd8 19. Rxe8+ Rxe8 20. h3 Ne4 21. Bxg7 Kxg7 22. Re1 Nd6 23. Rxe8 Nxe8 24. Kf1 Kf6 25. Ke2 Nd6 26. g4 h6 27. Ke3 Ke7 28. Kd4 f5 29. Ne5 Nxe5 30. Kxe5 Nf7+ 31. Kd4 Kd6 32. gxf5 gxf5 33. f4 Nh8 34. Bc2 Bc8 35. Nd1 Ng6 36. Ne3 Ne7 37. a4 Bd7 38. Bd3 h5 39. axb5 axb5 40. b3 Ng6 41. Nxf5+ Bxf5 42. Bxf5 Nxf4 43. Be6 h4 44. Ke4 Ne2 1/2-1/2

[Event "Tarnowskie Gory Piasta Memorial 8th"]
[Site "Tarnowskie Gory"]
[Date "2010.07.31"]
[Round "2"]
[White "Banasik, Marian"]
[Black "Tchorzewski, Kazimierz"]
[Result "1-0"]
[WhiteElo "2195"]
[BlackElo "1838"]
[PlyCount "61"]
[EventDate "2010.07.31"]
[EventType "swiss"]
[EventRounds "10"]
[EventCountry "POL"]
[SourceTitle "EXT 2011"]
[Source "ChessBase"]
[SourceDate "2010.11.26"]
[SourceVersion "1"]
[SourceVersionDate "2010.11.26"]
[SourceQuality "1"]

1. b4 e5 2. Bb2 Bxb4 3. Bxe5 Nf6 4. Nf3 Nc6 5. Bb2 d5 6. e3 a6 7. Be2 Bf5 8. 0-0 h5 9. d4 Ne4 10. c4 dxc4 11. Bxc4 b5 12. Be2 f6 13. a4 Rb8 14. axb5 axb5 15. Qb3 Qe7 16. Ba3 g5 17. Rc1 Bxa3 18. Rxa3 Nd8 19. Ra7 Ne6 20. Bxb5+ Kf8 21. Nc3 Qd6 22. Qa4 Kg7 23. Nxe4 Bxe4 24. Nd2 Bb7 25. Bd7 Nf8 26. Bf5 Ng6 27. Qa5 Rhe8 28. Qxc7+ Qxc7 29. Rxc7+ Re7 30. Rxe7+ Nxe7 31. Be4 1-0

[Event "Pszczyna op"]
[Site "Pszczyna"]
[Date "2009.07.16"]
[Round "4"]
[White "Kurcius, Ewa"]
[Black "Tchorzewski, Kazimierz"]
[Result "1-0"]
[WhiteElo "1645"]
[BlackElo "1872"]
[PlyCount "97"]
[EventDate "2009.07.14"]
[EventType "swiss"]
[EventRounds "9"]
[EventCountry "POL"]
[SourceTitle "CBM 131 Extra"]
[Source "ChessBase"]
[SourceDate "2009.09.03"]
[SourceVersion "2"]
[SourceVersionDate "2009.09.16"]
[SourceQuality "1"]

1. e4 c5 2. Nf3 Nc6 3. d4 cxd4 4. Nxd4 Nf6 5. Nc3 e5 6. Ndb5 d6 7. a4 a6 8. Na3 Be6 9. Bd3 Be7 10. 0-0 0-0 11. Be3 Rc8 12. Ne2 d5 13. Ng3 Nb4 14. exd5 Nbxd5 15. Qe2 Bg4 16. Qe1 Re8 17. Bf5 Rc6 18. c4 Nf4 19. Bxg4 Nxg4 20. Rd1 Qc8 21. b4 Rh6 22. Bxf4 exf4 23. Nf5 Re6 24. Qc3 Bf6 25. Qh3 Ne5 26. Nd6 Qc7 27. Nxe8 Rxe8 28. Rfe1 Qd7 29. Nc2 Rd8 30. Nd4 Qc7 31. c5 g6 32. Nf3 Nd3 33. Ng5 Ne5 34. Qxh7+ Kf8 35. Rxd8+ Qxd8 36. h3 Qe7 37. Qh6+ Bg7 38. Qh4 Kg8 39. Qxf4 f6 40. Rxe5 fxe5 41. Qc4+ Kh8 42. Ne6 Bf6 43. c6 bxc6 44. Qxc6 Bg7 45. b5 axb5 46. axb5 e4 47. Qxe4 Qd7 48. Qh4+ Kg8 49. Qd8+ 1-0

[Event "POL-ch Seniors"]
[Site "Swietochlowice"]
[Date "2008.10.04"]
[Round "6.13"]
[White "Tchorzewski, Kazimierz"]
[Black "Bezimienny, Daniel"]
[Result "1-0"]
[WhiteElo "1858"]
[BlackElo "1872"]
[PlyCount "125"]
[EventDate "2008.09.30"]
[EventType "swiss"]
[EventRounds "9"]
[EventCountry "POL"]
[SourceTitle "EXT 2023"]
[Source "ChessBase"]
[SourceDate "2022.10.05"]
[SourceVersion "1"]
[SourceVersionDate "2022.10.05"]
[SourceQuality "1"]

1. e4 e6 2. d4 d5 3. e5 c5 4. c3 Nc6 5. Nf3 Nge7 6. a3 cxd4 7. cxd4 Nf5 8. b4 Qb6 9. Bb2 Be7 10. Be2 0-0 11. 0-0 Bd7 12. Bd3 Nh4 13. Nxh4 f6 14. Nf3 fxe5 15. Nxe5 Nxe5 16. dxe5 Rf7 17. Bd4 Qc7 18. Nd2 Raf8 19. Rc1 Qb8 20. Qh5 g6 21. Qe2 Bg5 22. g3 a6 23. Bc5 Re8 24. f4 Be7 25. Nf3 Bxc5+ 26. Rxc5 Qa7 27. Kg2 Ba4 28. Ng5 Rfe7 29. Rfc1 Bc6 30. Nf3 d4 31. Be4 Bb5 32. Qf2 b6 33. Rc8 d3 34. Qe3 Qd7 35. Rxe8+ Rxe8 36. Rd1 Rd8 37. Rd2 Kg7 38. Qxb6 Rc8 39. Qd4 Qc7 40. a4 Bxa4 41. Qxd3 Qc1 42. Qd6 Bb5 43. Bd3 Bc6 44. Be2 Bd5 45. Rd1 Qc2 46. Qxa6 Rc3 47. Rxd5 exd5 48. Qf6+ Kg8 49. Kf2 Qe4 50. Qb6 Rc2 51. Qe3 Qxb4 52. Ng5 d4 53. Qe4 Rc7 54. Qd5+ Kf8 55. Ne6+ Ke7 56. Nxc7 Qc3 57. Qd6+ Kf7 58. Qf6+ Kg8 59. Qd8+ Kg7 60. Qe7+ Kg8 61. Qe8+ Kg7 62. Ne6+ Kh6 63. Qf8# 1-0

[Event "Tarnowskie Gory Piasta Memorial 6th"]
[Site "Tarnowskie Gory"]
[Date "2008.07.31"]
[Round "8.10"]
[White "Stala, Grzegorz"]
[Black "Tchorzewski, Kazimierz"]
[Result "0-1"]
[WhiteElo "1993"]
[BlackElo "1870"]
[PlyCount "56"]
[EventDate "2008.07.26"]
[EventType "swiss"]
[EventRounds "10"]
[EventCountry "POL"]
[SourceTitle "EXT 2023"]
[Source "ChessBase"]
[SourceDate "2022.10.05"]
[SourceVersion "1"]
[SourceVersionDate "2022.10.05"]
[SourceQuality "1"]

1. d4 Nf6 2. c4 e5 3. d5 Bc5 4. Nc3 Ng4 5. e3 f5 6. Nf3 e4 7. Nd4 0-0 8. Be2 Ne5 9. 0-0 a6 10. a3 b6 11. b4 Bd6 12. Nb3 Qh4 13. g3 Qh3 14. Re1 Qh6 15. c5 Be7 16. d6 cxd6 17. cxb6 Bb7 18. Nd5 Bd8 19. Bb2 Kh8 20. Na5 Bxd5 21. Qxd5 Nbc6 22. b7 Rb8 23. Bxe5 Nxe5 24. Rac1 Bf6 25. Qxd6 Nf3+ 26. Bxf3 exf3 27. Qf4 Qh5 28. Rc7 Be5 0-1

[Event "Tarnowskie Gory Piasta Memorial 5th"]
[Site "Tarnowskie Gory"]
[Date "2007.07.30"]
[Round "3"]
[White "Tchorzewski, Kazimierz"]
[Black "Kwiatkowski, Zygmunt"]
[Result "1-0"]
[WhiteElo "1912"]
[BlackElo "1631"]
[PlyCount "47"]
[EventDate "2007.07.28"]
[EventType "swiss"]
[EventRounds "10"]
[EventCountry "POL"]
[SourceTitle "EXT 2011"]
[Source "ChessBase"]
[SourceDate "2010.11.26"]
[SourceVersion "1"]
[SourceVersionDate "2010.11.26"]
[SourceQuality "1"]

1. e4 c6 2. d4 d5 3. e5 Bf5 4. Nf3 e6 5. Be2 c5 6. 0-0 cxd4 7. Nxd4 Bg6 8. Bb5+ Nd7 9. c4 a6 10. Bxd7+ Qxd7 11. cxd5 Qxd5 12. Nc3 Qd8 13. Qa4+ b5 14. Qd1 Ne7 15. Bg5 h6 16. Bh4 Qc7 17. Rc1 Qb6 18. Qf3 Rc8 19. Rfd1 Nf5 20. Nd5 Qb8 21. Rxc8+ Qxc8 22. Nxf5 Bxf5 23. Nc7+ Qxc7 24. Qa8+ 1-0

[Event "Tarnowskie Gory Piasta Memorial 5th"]
[Site "Tarnowskie Gory"]
[Date "2007.07.30"]
[Round "5"]
[White "Tchorzewski, Kazimierz"]
[Black "Santura, Janusz"]
[Result "1/2-1/2"]
[WhiteElo "1912"]
[BlackElo "1794"]
[PlyCount "106"]
[EventDate "2007.07.28"]
[EventType "swiss"]
[EventRounds "10"]
[EventCountry "POL"]
[SourceTitle "EXT 2011"]
[Source "ChessBase"]
[SourceDate "2010.11.26"]
[SourceVersion "1"]
[SourceVersionDate "2010.11.26"]
[SourceQuality "1"]

1. e4 c6 2. d4 d5 3. e5 g6 4. c4 Bg7 5. Nc3 f6 6. Nf3 Bg4 7. Bf4 Nd7 8. cxd5 cxd5 9. Bb5 a6 10. Ba4 b5 11. Bb3 e6 12. Qe2 Ne7 13. h3 Bxf3 14. gxf3 fxe5 15. dxe5 Nf5 16. 0-0-0 Qh4 17. Bh2 Nd4 18. Rxd4 Qxd4 19. Rd1 Qc5 20. Kb1 0-0 21. Nxd5 Rac8 22. Nf6+ Nxf6 23. Bxe6+ Kh8 24. exf6 Bxf6 25. Bd6 Qc6 26. Bxf8 Rxf8 27. Rc1 Qd6 28. Rd1 Qe5 29. Qxe5 Bxe5 30. Bd5 Rc8 31. Bb7 Rf8 32. Rd3 Rf6 33. Rd7 Rb6 34. b3 a5 35. Be4 a4 36. Kc2 axb3+ 37. Kxb3 b4 38. h4 Rd6 39. Re7 Bf6 40. Re8+ Kg7 41. h5 Rd2 42. hxg6 hxg6 43. Ra8 Rb2+ 44. Kc4 g5 45. Ra7+ Kf8 46. Kd5 Rxf2 47. Ke6 Bd8 48. Kf5 Rd2 49. Ke6 Re2 50. Ra8 Ke8 51. Ra7 Kf8 52. Kf5 Rd2 53. Ke5 Re2 1/2-1/2

[Event "Pszczyna op 3rd"]
[Site "Pszczyna"]
[Date "2007.07.17"]
[Round "2"]
[White "Tchorzewski, Kazimierz"]
[Black "Wiewiora, Eneasz"]
[Result "0-1"]
[WhiteElo "1912"]
[BlackElo "1911"]
[PlyCount "46"]
[EventDate "2007.07.17"]
[EventType "swiss"]
[EventRounds "9"]
[EventCountry "POL"]
[SourceTitle "EXT 2011"]
[Source "ChessBase"]
[SourceDate "2010.11.26"]
[SourceVersion "1"]
[SourceVersionDate "2010.11.26"]
[SourceQuality "1"]

1. e4 e5 2. Nf3 Nc6 3. Bb5 f5 4. Nc3 fxe4 5. Nxe4 d5 6. Nxe5 dxe4 7. Nxc6 Qg5 8. Qe2 Nf6 9. f4 Qxf4 10. d4 Qd6 11. Nxa7+ c6 12. Nxc8 Qb4+ 13. Bd2 Qxb5 14. c4 Qxb2 15. 0-0 Rxc8 16. Rad1 Qxd4+ 17. Be3 Qe5 18. Kh1 Bc5 19. Bc1 0-0 20. Bb2 Qh5 21. Rfe1 Ng4 22. h3 Nf2+ 23. Kh2 Qxe2 0-1